Ο χορός των ωρών : διηγήματα

Αποθηκεύτηκε σε:
Λεπτομέρειες βιβλιογραφικής εγγραφής
Κύριος συγγραφέας: Τσιτσέλη, Καίη, 1926-2001
Μορφή: Βιβλίο
Γλώσσα:Greek
Δημοσίευση: Αθήνα : Άγρα, c1998.
Θέματα:
Ετικέτες: Προσθήκη ετικέτας
Δεν υπάρχουν, Καταχωρήστε ετικέτα πρώτοι!

MARC

LEADER 00000cam a2200000 i 4500
001 1/10363
008 100930s1998 gr | ||| |||| ||gre||
020 |a 9603252816 
035 |l 10108987 
040 |a GR-MyUa  |b gre  |e AACR2 
041 0 |a gre 
082 7 |a 889.3   |2 (22) 
100 1 |a Τσιτσέλη, Καίη,   |d 1926-2001. 
245 1 2 |a Ο χορός των ωρών :   |b διηγήματα /   |c Καίη Τσιτσέλη. 
260 |a Αθήνα :   |b Άγρα,   |c c1998. 
300 |a 155 σ. ;   |c 18 εκ. 
650 0 |a Short stories, Greek (Modern) 
852 |a INST  |b SYROS  |e 20100930  |h 889.3 ΤΣΙ  |p 005500009587  |q 005500009587  |t BK  |y 0 
901 |a BIBL5-2010-3 
970 |a ΚΟΝΤΟΥ  |b ΠΑΡΑΣΚΕΥΗ  |z 2010/09/30